Relationship between foliar nutrient concentrations of shorea acuminata (meranti rambai daun) under enrichment planting and some soil properties at Ibam Forest Reserve, Rompin, Pahang

Bibliographic Details
Main Author: Azni Rahman A. Wahid
Format: Book
Published: Serdang, Selangor : Universiti Putra Malaysia , 2004
Subjects:

MARC

LEADER 00000cam a2200000 7i4500
001 0000003895
005 20110819.0
090 0 0 |a R THE 634.97   |b AZNI 2004 
100 0 0 |a Azni Rahman A. Wahid 
245 0 0 |a Relationship between foliar nutrient concentrations of shorea acuminata (meranti rambai daun) under enrichment planting and some soil properties at Ibam Forest Reserve, Rompin, Pahang   |c Azni Rahman A. Wahid 
260 0 0 |a Serdang, Selangor :   |b Universiti Putra Malaysia ,   |c 2004 
300 |a xiv, 91 p. :   |b .ill (col.) ;   |c 30 cm. 
500 0 0 |a Bibliography : p. 80-88 
500 0 0 |a Thesis: Bac. of Forestry Science, Universiti Putra Malaysia (2004) 
650 0 0 |a Ibam Forest Reserve---Pahang---Malaysia 
650 0 0 |a Shorea acuminata (meranti rambai daun) 
998 |a JPSM 
999 |a 005937   |b Thesis   |c Reference   |e Default branch